| 000 | 01215cam a2200289 4500 | ||
|---|---|---|---|
| 001 | transistortheory00poll | ||
| 003 | CaSfIA | ||
| 005 | 20210119103757.0 | ||
| 007 | cr|||| | ||
| 008 | 720328s1969 nyua 001 0 eng | ||
| 035 | _9(DLC) 77084638 | ||
| 856 | 4 | 1 |
_uhttp://www.archive.org/details/transistortheory00poll _zFree eBook from the Internet Archive |
| 856 | 4 | 2 |
_uhttp://www.openlibrary.org/books/OL4567793M _zAdditional information and access via Open Library |
| 010 | _a 77084638 | ||
| 040 |
_aDLC _cDLC _dDLC _dCaSfIA |
||
| 050 | 0 | 0 |
_aTK7871.9 _b.P65 1969 |
| 082 | 0 | 0 | _a621.381/5/28 |
| 100 | 1 | _aPollack, Harvey. | |
| 245 | 1 | 0 |
_aTransistor theory and circuits made simple. _h[electronic resource] |
| 260 |
_aWilliston Park, N.Y., _bAMECO Pub. Corp. _c[c1969] |
||
| 300 |
_a128 p. _billus. _c23 cm. |
||
| 350 | _a1.75 | ||
| 650 | 0 | _aTransistors. | |
| 942 | _cEB | ||
| 506 | _fНеобхідна авторизація на https://archive.org/ (створення облікового запису безкоштовно) | ||
| 506 | _fНеобхідна авторизація на https://openlibrary.org/ (створення облікового запису безкоштовно) | ||
| 999 |
_c559020 _d559020 |
||